000 01009nam0a2200301 4500
001 RU\NLR\bibl\1479539
005 20260405192046.0
010 _a978-5-17-064322-6
_910000
_bАСТ
021 _aRU
_b2009-108173
_96898
021 _aRU
_b2009-107968
_96887
021 _aRU
_b2011-28643
_92036
035 _a(NLR Aleph) 001471197
090 _a1644722
_c1644722
100 _a20100302d2009 |||y0rusy50 ca
101 0 _arus
102 _aRU
105 _ay |||||||||
200 1 _aПохороните меня за плинтусом
_e[роман]
_fПавел Санаев
210 _aМосква
_cАст
_cАстрель
_aВладимир
_cВКТ
_d2009 (2010 макет)
215 _a283, [2] с.
_d21
686 _aШ6(2=Р)75-440.4
700 1 _4070
_aСанаев
_bП.В.
_f1969-
_gПавел Владимирович
_3RU\NLR\auth\7784008
_966936
801 0 _aRU
_bNLR
_c20100302
_gRCR
801 1 _aRU
_bNLR
_c20100302
942 _cBOOK
980 _aNB